000 00557cam a22002174a 4500
005 20250605164320.0
008 250528s ||||||||||||||||||||||||d
035 _a22860
020 _a9780273721383
040 _aGR-AtMCL
_bgre
_dGR-AtMCL
_eAACR2
245 1 _aMARKETING COMMUNICATIONS: A EUROPEAN PERSPECTIVE
250 _a4
260 _bPearson,
_c2010
300 _a660
700 1 _aDe Pelsmacker Patrick
_92032
700 1 _aGeuens Maggie
_92033
700 1 _aVan Den Bergh Joeri
_98516
942 _cBK
999 _c7905
_d7905